000 00362nam a22001697a 4500
003 UA-OsUOA
001 2862
007 ta
008 20050721b un ||||| |||| 00| 0 ukr d
100 _aBuckley
700 _aWilliam F.
942 _cBK
040 _aUA-OsUOA
_cUA-OsUOA
_dUA-OsUOA
245 _aThe story of Henri Tod.
_bFiction
955 _a2
650 7 _2UDC
999 _c289024
_d289024